000 00970cam a22003017a 4500
003 CHAP
005 20220329133858.0
008 971013s1970 r 00010 d
010 _a12156
011 _a13128
035 _a17199
040 _cCHAP
082 _a338.972
_bC3
100 0 0 _aCarrillo Arronte, Ricardo.
_919453
245 1 3 _aAn empirical test on interregional planning
_b: a linear programming model for Mexico
260 _aRotterdam :
_bRotterdam University,
_c1970
300 _a213 p.
490 0 _aEconomic series
_v; 8
590 _aBATCH-UPD
_b10
_c20130110
_lUCH01
_h1623
590 _aBATCH-UPD
_b10
_c20130410
_lUCH01
_h1017
590 _aBATCH-UPD
_b10
_c20130914
_lUCH01
_h1229
590 _aCONVERSION
_b10
_c20130109
_lUCH01
_h1308
650 1 4 _aPlaneación regional
_xMéxico.
_988714
830 0 _aEconomic series
_v; 8
_935209
901 _aBK
942 _cLIBRO
949 _a338.972 C3
_bBC
_cLIBRO
_d33724000434650
_eLIBRO
_h15941
_i17199
_mD
_si
999 _c12156
_d12156